00658nam a2200229Ia 4500003000900000008004100009040001300050040001300063041000900076100002200085100000900107245004200116250001800158260001100176260000900187300001100196300001000207490000600217942000700223999001700230952018100247IT-RoPAU120407s9999 xx 000 0 und d aIT-RoPAU cIT-RoPAU alat  aMaximilianus Rast cs.j. aTheologia naturalis in usum scholarum aFriburgo Brig aHerder c1939 a245 p. c21 cm v1 cBK c30178d30178 00102ddc406102_48000000000000071aPAULUSbPAULUSd2012-04-11l0o102.48r2012-04-11 00:00:00w2012-04-11yBKzInserito da: In data: n.d. fondo: Via A.Severo 56 Progr:35250